Charlatanería y cultura científica en el siglo XIX. Vidas paralelas.

Gespeichert in:
Bibliographische Detailangaben
1. Verfasser: Podgorny, Irina (VerfasserIn)
Format: Unbekannt
Sprache:Spanisch
Veröffentlicht: Madrid, España: Catarara, 2015.
Schriftenreihe:Ensayos. Ciencias y Sociedad,
Schlagworte:
Tags: Tag hinzufügen
Keine Tags, Fügen Sie den ersten Tag hinzu!

MARC

LEADER 00000 a2200000 4500
003 CL-VaPUC
005 20250103123534.0
008 241217t2015 ||||| |||| 00| 0 spa d
999 |c 445568  |d 445566 
020 |a 978-84-9097-072-0 
040 |c Pontificia Universidad Católica de Valparaíso 
082 |2 22  |a 001.95 POD 2015 
100 |a Podgorny, Irina  |9 893513  |e author 
245 |a Charlatanería y cultura científica en el siglo XIX.  |b Vidas paralelas. 
260 |a Madrid, España:  |b Catarara,   |c 2015. 
300 |a 94 páginas. 
490 |a Ensayos. Ciencias y Sociedad,  |n  157. 
583 |k Yessy Díaz Vidal   |c 20241217 
650 0 |9 364576  |a Divulgación científica  |y Siglo 19  |z América Latina y Europa 
650 0 |9 259857  |a Investigación científica  |x Literatura, medicina, etc.  |x Impostores, farsantes, etc. 
942 |2 ddc  |c BK 
952 |0 0  |1 0  |2 ddc  |4 0  |6 001_950000000000000_POD_2015  |7 0  |8 A  |9 598701  |a BIBHIS  |b BIBHIS  |d 2024-12-16  |e 13  |g 14102.00  |i 5663657  |o 001.95 POD 2015  |p 5663657  |r 2025-01-20  |t 2  |v 14102.00  |w 2024-12-16  |y BK  |k HIS 
952 |0 0  |1 0  |2 ddc  |4 0  |6 001_950000000000000_POD_2015  |7 0  |8 A  |9 598702  |a BIBHIS  |b BIBHIS  |d 2024-12-16  |e 13  |g 14102.00  |i 5663656  |o 001.95 POD 2015  |p 5663656  |r 2025-01-20  |t 1  |v 14102.00  |w 2024-12-16  |y BK  |k HIS